000
00301nam a2200097Ia 4500
008
220204s9999 xx 000 0 und d
082
_a
332.021.8
_b
LAN
245
0
_a
Land reform: Defects in agrarian structure as obstacles to economic development
260
_a
New York
_b
United Nations
_c
1951
942
_c
BK
999
_c
20085
_d
20085